MARC details
| 000 -LEADER |
| fixed length control field |
02331cab a22002775a 4500 |
| 001 - CONTROL NUMBER |
| control field |
L145616 |
| 008 - FIXED-LENGTH DATA ELEMENTS--GENERAL INFORMATION |
| fixed length control field |
081027e20080925xxk v 000 0 eng u |
| 035 ## - SYSTEM CONTROL NUMBER |
| System control number |
(Sirsi) u145616 |
| 041 0# - LANGUAGE CODE |
| Language code of text/sound track or separate title |
eng |
| 245 00 - TITLE STATEMENT |
| Title |
Birmingham City Council v Paddison Construction Limited |
| 260 ## - PUBLICATION, DISTRIBUTION, ETC. |
| Date of publication, distribution, etc. |
2008 |
| 520 ## - SUMMARY, ETC. |
| Summary, etc. |
[2008] EWHC 2254 (TCC), 25 September 2008. The case turned around whether a party can refer to adjudication a dispute that has already been subjected to an adjudicator's decision. Paddison Construction Limited (P) started adjudication proceedings against Birmingham City Council (B) for delay and losses in connexion with a construction project, which it completed 18 months earlier. B refused to be held responsible for delay and losses. The adjudicator allowed an extension of time, but refused to grant further monies. He proposed P to pursue its loss and expense claim through a second adjudication. A second adjudication was started. B contested it on the basis that the amount was different but that the dispute was substantially the same as in the first adjudication. Held: The judge concluded that the first adjudicator had made a decision about the loss and expense claim. Even though the amount claimed was different, the court decided that there was no difference in the matters being considered, they were on the same grounds and the material being relied upon was the same. Acting otherwise would result in an abuse of process. Parties should properly prepare their claims before considering adjudication. |
| 590 ## - LOCAL NOTE (RLIN) |
| Local note |
KA |
| 650 24 - SUBJECT ADDED ENTRY--TOPICAL TERM |
| Topical term or geographic name entry element |
BIRMINGHAM CITY COUNCIL V PADDISON CONSTRUCTION LIMITED |
| 650 24 - SUBJECT ADDED ENTRY--TOPICAL TERM |
| Topical term or geographic name entry element |
CIB PROPERTIES LTD V BIRSE CONSTRUCTION LTD |
| 650 24 - SUBJECT ADDED ENTRY--TOPICAL TERM |
| Topical term or geographic name entry element |
BALFOUR BEATTY CONSTRUCTION LTD V LAMBETH LBC |
| 650 24 - SUBJECT ADDED ENTRY--TOPICAL TERM |
| Topical term or geographic name entry element |
CANTILLON LTD V URVASCO LTD |
| 650 24 - SUBJECT ADDED ENTRY--TOPICAL TERM |
| Topical term or geographic name entry element |
VHE CONSTRUCTION V RBSTB TRUST COMPANY |
| 650 24 - SUBJECT ADDED ENTRY--TOPICAL TERM |
| Topical term or geographic name entry element |
SHERWOOD AND CASSON LTD V MACKENZIE ENGINEERING LTD |
| 650 24 - SUBJECT ADDED ENTRY--TOPICAL TERM |
| Topical term or geographic name entry element |
HOLT INSULATION V COLT INTERNATIONAL |
| 650 24 - SUBJECT ADDED ENTRY--TOPICAL TERM |
| Topical term or geographic name entry element |
QUIETFIELD LTD V VASCROFT CONTRACTORS LTD |
| 651 #4 - SUBJECT ADDED ENTRY--GEOGRAPHIC NAME |
| Geographic name |
England and Wales |
| Chronological subdivision |
1543- |
| 690 ## - LOCAL SUBJECT ADDED ENTRY--TOPICAL TERM (OCLC, RLIN) |
| Topical term or geographic name as entry element |
MANAGEMENT-DISPUTE AVOIDANCE, MANAGEMENT AND RESOLUTION-DISPUTE MANAGEMENT AND RESOLUTION-ALTERNATIVE DISPUTE RESOLUTION-ADJUDICATION |
| 856 40 - ELECTRONIC LOCATION AND ACCESS |
| Uniform Resource Identifier |
<a href="https://www.bailii.org/ew/cases/EWHC/TCC/2008/2254.html">https://www.bailii.org/ew/cases/EWHC/TCC/2008/2254.html</a> |
| Public note |
View the item free of charge at www.bailii.org... |
| 942 ## - ADDED ENTRY ELEMENTS (KOHA) |
| Suppress in OPAC |
0 |